Ghetto and within : (Record no. 75307)

MARC details
000 -LEADER
fixed length control field 00564nam a22001817a 4500
005 - DATE AND TIME OF LATEST TRANSACTION
control field 20130516160412.0
010 ## - LCCN (DPL NO)
LC control number ENG-107017
020 ## - INTERNATIONAL STANDARD BOOK NUMBER
International Standard Book Number 9789350020692
Terms of availability 150.00
035 ## - SYSTEM CONTROL NUMBER
System control number EN-90550
037 ## - SOURCE OF ACQUISITION
Source of stock number/acquisition DBAD/PUB
082 ## - DEWEY DECIMAL CLASSIFICATION NUMBER
Classification number 324.0954
100 ## - MAIN ENTRY--PERSONAL NAME
Personal name Ravi Kumar
245 10 - TITLE STATEMENT
Title Ghetto and within :
Statement of responsibility, etc by Ravi Kumar
Remainder of title class, identity, state and political mobilisation /
260 ## - PUBLICATION, DISTRIBUTION, ETC. (IMPRINT)
Place of publication, distribution, etc Delhi
Name of publisher, distributor, etc Aakar Books
Date of publication, distribution, etc 2010
270 ## - ADDRESS
Address 28E, Pocket-IV, Mayur Vihar, Phase-1
City Delhi
Postal code 110091
300 ## - PHYSICAL DESCRIPTION
Extent 110p.:
Dimensions 22cm(pbk)
Other physical details ill.
942 ## - ADDED ENTRY ELEMENTS (KOHA)
Source of classification or shelving scheme Dewey Decimal Classification
Item type English Books
Call number suffix RAV
Classification part 324.0954
Holdings
Withdrawn status Lost status Not for loan Collection code Home library Current library Date acquired Source of acquisition Cost, normal purchase price Full call number Barcode Copy number Cost, replacement price Koha item type
    Not For Loan Non-fiction D.B.Act.Division D.B.Act.Division 09/05/2013 DBAD/PUB 150.00 324.0954 KUM EN-90550 1 150.00 English Books

© Delhi Public Library
Hit Counter
free hit counter